[Event "ITA-chT32nd sf-A"]
[Site "Castel Lagopesole"]
[Date "2000.05.13"]
[Round "1.1"]
[White "Huebner, Robert"]
[Black "Vallifuoco, Giacomo"]
[Result "1/2-1/2"]
[WhiteElo "2620"]
[BlackElo "2366"]
[PlyCount "132"]
[EventDate "2000.05.13"]
[EventType "team"]
[EventRounds "2"]
[EventCountry "ITA"]
[SourceTitle "EXT 2002"]
[Source "ChessBase"]
[SourceDate "2001.11.25"]
[SourceVersion "1"]
[SourceVersionDate "2001.11.25"]
[SourceQuality "1"]
[WhiteTeam "Marostica"]
[BlackTeam "Naples Averno"]
[WhiteTeamCountry "ITA"]
[BlackTeamCountry "ITA"]

1. e4 c5 2. Nf3 d6 3. d4 cxd4 4. Nxd4 Nf6 5. Nc3 e6 6. Be3 a6 7. Qd2 b5 8. f3 Bb7 9. g4 h6 10. h4 Nbd7 11. 0-0-0 b4 12. Nce2 d5 13. exd5 Nxd5 14. Nf4 Nxe3 15. Qxe3 Qb6 16. Nd3 0-0-0 17. Rh2 Bd6 18. Re2 Nf6 19. Nb3 Qxe3+ 20. Rxe3 Nd5 21. Ree1 Bg3 22. Re4 Nc7 23. Re3 Nd5 24. Re4 Nc7 25. Rxb4 Bxf3 26. Rd2 Bxh4 27. Ne5 Bd5 28. c4 Ba8 29. Re2 Rhf8 30. Bg2 Be7 31. Ra4 Bxg2 32. Rxg2 Bf6 33. Nc6 Rd6 34. Nb4 Rfd8 35. Kc2 Bg5 36. Rf2 f5 37. gxf5 exf5 38. Rxf5 Re6 39. Rf2 Rde8 40. Nc5 Re2+ 41. Rxe2 Rxe2+ 42. Kb3 Bf6 43. Ncd3 Rd2 44. Ra5 g6 45. Ne5 g5 46. Ka3 h5 47. Nf3 Rg2 48. Rf5 Bxb2+ 49. Kb3 Ne6 50. Nd3 Nd4+ 51. Nxd4 Bxd4 52. c5 Rg4 53. Rf7 h4 54. Rh7 Re4 55. c6 Bf6 56. Nb4 Rd4 57. Ra7 Rxb4+ 58. Kxb4 h3 59. Kc5 Be5 60. Rh7 g4 61. Kd5 Bh2 62. Kc5 g3 63. Rh8+ Kc7 64. Rh7+ Kc8 65. Rh8+ Kc7 66. Rh7+ Kc8 1/2-1/2

[Event "ITA-chT32nd"]
[Site "Castel Lagopesole"]
[Date "2000.05.13"]
[Round "?"]
[White "Malfagia, Andrea"]
[Black "Vallifuoco, Giacomo"]
[Result "0-1"]
[WhiteElo "2244"]
[BlackElo "2366"]
[PlyCount "64"]
[EventDate "2000.05.13"]
[EventType "team-tourn"]
[EventRounds "9"]
[EventCountry "ITA"]
[SourceTitle "EXT 2001"]
[Source "ChessBase"]
[SourceDate "2000.11.22"]
[SourceVersion "1"]
[SourceVersionDate "2000.11.22"]
[SourceQuality "1"]

1. d4 Nf6 2. c4 e6 3. Nc3 Bb4 4. Bg5 c5 5. d5 h6 6. Bh4 Bxc3+ 7. bxc3 d6 8. e3 Qe7 9. Bd3 Nbd7 10. dxe6 Qxe6 11. Nf3 0-0 12. 0-0 b6 13. Qc2 Bb7 14. Nd2 Qg4 15. Bg3 Ne5 16. Bf5 Qh5 17. f4 Neg4 18. Rae1 Rfe8 19. e4 g6 20. Bxg4 Qxg4 21. f5 g5 22. Bxd6 Nxe4 23. h3 Qh4 24. Nxe4 Bxe4 25. Qa4 Red8 26. Rd1 Bb7 27. Rfe1 g4 28. Qc2 gxh3 29. Be7 Qg3 30. Bxd8 Bxg2 31. Re8+ Kh7 32. f6+ Be4+ 0-1

[Event "Santa Flavia op"]
[Site "Santa Flavia"]
[Date "1997.??.??"]
[Round "?"]
[White "Neil, David"]
[Black "Vallifuoco, Giacomo"]
[Result "1/2-1/2"]
[WhiteElo "2295"]
[BlackElo "2395"]
[PlyCount "95"]
[EventDate "1997.??.??"]
[EventType "swiss"]
[EventRounds "7"]
[EventCountry "ITA"]
[SourceTitle "EXT 2000"]
[Source "ChessBase"]
[SourceDate "1999.11.16"]
[SourceVersion "1"]
[SourceVersionDate "1999.11.16"]
[SourceQuality "1"]

1. e4 c5 2. Nc3 Nc6 3. f4 g6 4. Nf3 Bg7 5. Bb5 Nd4 6. a4 a6 7. Bc4 e6 8. d3 Ne7 9. e5 d5 10. exd6 Nef5 11. Ne4 Nxd6 12. Nxd6+ Qxd6 13. c3 Nf5 14. a5 0-0 15. 0-0 b5 16. axb6 Qxb6 17. Qe2 Bb7 18. Ne5 Rfd8 19. Ra3 Bd5 20. Bxd5 exd5 21. Qf2 f6 22. Nf3 Bf8 23. g4 Nd6 24. Be3 Qb5 25. Qc2 Re8 26. Bf2 Rab8 27. b3 Rb7 28. Re1 Rxe1+ 29. Nxe1 c4 30. bxc4 dxc4 31. Qa2 h5 32. Rxa6 hxg4 33. dxc4 Qb3 34. Qd2 Qxc4 35. Rxd6 Bxd6 36. Qxd6 Qxc3 37. Qe6+ Kg7 38. Qxg4 Re7 39. Nf3 Qc4 40. h3 Qd5 41. Kg2 Rb7 42. Kg3 f5 43. Qg5 Rb3 44. Qe7+ Kg8 45. Qe2 Qe4 46. Qd1 Rd3 47. Qh1 Kh7 48. h4 1/2-1/2

[Event "ITA-ch"]
[Site "Italy"]
[Date "1997.??.??"]
[Round "?"]
[White "Vancini, Edoardo"]
[Black "Vallifuoco, Giacomo"]
[Result "1/2-1/2"]
[WhiteElo "2270"]
[BlackElo "2395"]
[PlyCount "52"]
[EventDate "1997.??.??"]
[EventType "swiss"]
[EventRounds "7"]
[EventCountry "ITA"]
[SourceTitle "EXT 2002"]
[Source "ChessBase"]
[SourceDate "2001.11.25"]
[SourceVersion "1"]
[SourceVersionDate "2001.11.25"]
[SourceQuality "1"]

1. e4 c5 2. c3 d5 3. exd5 Qxd5 4. d4 e6 5. Nf3 Nf6 6. Be3 cxd4 7. cxd4 Nc6 8. Nc3 Qd6 9. a3 Be7 10. Bd3 0-0 11. 0-0 b6 12. Qe2 Bb7 13. Rad1 Rad8 14. Rfe1 Qb8 15. Bb1 Rd7 16. Bg5 Qd8 17. Bxf6 Bxf6 18. d5 exd5 19. Nxd5 Nd4 20. Nxf6+ Qxf6 21. Nxd4 Rxd4 22. Rxd4 Qxd4 23. Ba2 g6 24. h3 Bc6 25. Qe5 Qxe5 26. Rxe5 Re8 1/2-1/2

[Event "ITA-chT 28th"]
[Site "Italy"]
[Date "1996.??.??"]
[Round "?"]
[White "Malloni, Marcello"]
[Black "Vallifuoco, Giacomo"]
[Result "0-1"]
[WhiteElo "2230"]
[BlackElo "2395"]
[PlyCount "60"]
[EventDate "1996.02.25"]
[EventType "team-swiss"]
[EventRounds "7"]
[EventCountry "ITA"]
[SourceTitle "EXT 2021"]
[Source "ChessBase"]
[SourceDate "2020.10.23"]
[SourceVersion "1"]
[SourceVersionDate "2020.10.23"]
[SourceQuality "1"]

1. d4 Nf6 2. c4 e6 3. Nc3 Bb4 4. Qc2 c5 5. dxc5 Na6 6. a3 Qa5 7. Bd2 Nxc5 8. Rd1 Bxc3 9. Bxc3 Qa4 10. Qxa4 Nxa4 11. Bd4 b6 12. f3 Ba6 13. e4 Rc8 14. b3 Nc5 15. Rb1 d6 16. Nh3 Ke7 17. Be2 g5 18. Nf2 Rhg8 19. 0-0 h5 20. Rfc1 e5 21. Be3 g4 22. Kf1 gxf3 23. gxf3 Rg6 24. Nd1 Rcg8 25. Bf2 Bc8 26. Ne3 Bh3+ 27. Ke1 Ne6 28. Bh4 Kf8 29. b4 Nd4 30. Kf2 Rg2+ 0-1

[Event "ITA-chT"]
[Site "Italy"]
[Date "1995.??.??"]
[Round "?"]
[White "Vallifuoco, Giacomo"]
[Black "Gasser, Giorgio"]
[Result "1-0"]
[WhiteElo "2395"]
[BlackElo "2300"]
[PlyCount "45"]
[EventDate "1995.??.??"]
[EventType "team"]
[EventRounds "7"]
[EventCountry "ITA"]
[SourceTitle "EXT 2000"]
[Source "ChessBase"]
[SourceDate "1999.11.16"]
[SourceVersion "1"]
[SourceVersionDate "1999.11.16"]
[SourceQuality "1"]

1. d4 c5 2. d5 e5 3. Nc3 d6 4. e4 g6 5. f4 Nd7 6. Nf3 Bg7 7. Nb5 Ke7 8. a4 a6 9. Na3 b6 10. Nc4 f6 11. Be2 Bb7 12. fxe5 Nxe5 13. Nfxe5 fxe5 14. Bg5+ Bf6 15. Bd2 Kf7 16. 0-0 Kg7 17. Ra3 Rb8 18. Rb3 Ba8 19. Nxb6 Bg5 20. Bxg5 Qxg5 21. Nxa8 Rxa8 22. Rb7+ Ne7 23. Qc1 1-0

[Event "Catania op 4th"]
[Site "Catania "]
[Date "1993.08.??"]
[Round "5"]
[White "Ljubisavljevic, Zivojin Z"]
[Black "Vallifuoco, Giacomo"]
[Result "0-1"]
[WhiteElo "2270"]
[BlackElo "2380"]
[PlyCount "71"]
[EventDate "1993.08.01"]
[EventType "swiss"]
[EventRounds "7"]
[EventCountry "ITA"]
[SourceTitle "EXT 2000"]
[Source "ChessBase"]
[SourceDate "1999.11.16"]
[SourceVersion "1"]
[SourceVersionDate "1999.11.16"]
[SourceQuality "1"]

1. d4 d5 2. c3 Nf6 3. Bg5 c6 4. Nd2 Bf5 5. f3 Nbd7 6. Bxf6 Nxf6 7. g4 Bg6 8. g5 Nh5 9. Nh3 h6 10. Qb3 Qc7 11. gxh6 Rxh6 12. Nf2 Nf6 13. e4 dxe4 14. Nfxe4 0-0-0 15. 0-0-0 e5 16. dxe5 Qxe5 17. Bc4 Nxe4 18. fxe4 Bh5 19. Rdf1 Qg5 20. Qc2 Rhd6 21. Rf5 Qe3 22. Bd5 cxd5 23. Rxh5 dxe4 24. Rd1 Be7 25. h4 Qf4 26. Rc5+ Kb8 27. Rc4 f5 28. Rf1 Qe3 29. Rd1 Bxh4 30. Rb4 Bg5 31. Qb3 b6 32. a4 Rxd2 33. Rxd2 Qxd2+ 34. Kb1 Qd1+ 35. Ka2 Qxb3+ 36. Kxb3 0-1

[Event "ITA-ch 51st"]
[Site "Chianciano Terme"]
[Date "1991.??.??"]
[Round "1"]
[White "Marinelli, Tullio"]
[Black "Vallifuoco, Giacomo"]
[Result "0-1"]
[WhiteElo "2365"]
[BlackElo "2370"]
[PlyCount "82"]
[EventDate "1991.??.??"]
[EventType "tourn"]
[EventRounds "11"]
[EventCountry "ITA"]
[SourceTitle "EXT 2000"]
[Source "ChessBase"]
[SourceDate "1999.11.16"]
[SourceVersion "1"]
[SourceVersionDate "1999.11.16"]
[SourceQuality "1"]

1. d4 d5 2. Nf3 Nf6 3. c4 c6 4. Nc3 dxc4 5. a4 Bf5 6. e3 e6 7. Bxc4 Bb4 8. 0-0 Nbd7 9. Qe2 Bg6 10. Bd2 0-0 11. h3 h6 12. Rfd1 Qe7 13. Ne5 Nxe5 14. dxe5 Nd7 15. f4 Nc5 16. Be1 Rfd8 17. Rd4 a5 18. g4 Rd7 19. b3 Rad8 20. Rad1 Ne4 21. Nxe4 Bxe4 22. Bxb4 axb4 23. Kh2 c5 24. Rxd7 Rxd7 25. Kg3 Qd8 26. Rxd7 Qxd7 27. h4 b6 28. h5 Bb7 29. g5 hxg5 30. fxg5 Qc6 31. g6 Qe4 32. gxf7+ Kf8 33. Qf2 Qxe5+ 34. Kh4 Be4 35. h6 gxh6 36. Qd2 Qg5+ 37. Kh3 Bf5+ 38. Kh2 Qh4+ 39. Kg1 Qg3+ 40. Kf1 Bh3+ 41. Ke2 Qg2+ 0-1

[Event "Napoli op"]
[Site "Napoli"]
[Date "1991.??.??"]
[Round "?"]
[White "Vallifuoco, Giacomo"]
[Black "Blasco, Domenico"]
[Result "1/2-1/2"]
[WhiteElo "2370"]
[BlackElo "2205"]
[PlyCount "62"]
[EventDate "1991.??.??"]
[EventType "swiss"]
[EventRounds "9"]
[EventCountry "ITA"]
[SourceTitle "EXT 2000"]
[Source "ChessBase"]
[SourceDate "1999.11.16"]
[SourceVersion "1"]
[SourceVersionDate "1999.11.16"]
[SourceQuality "1"]

1. d4 Nf6 2. Nf3 c5 3. d5 b5 4. Bg5 g6 5. Bxf6 exf6 6. e4 a6 7. a4 b4 8. Nbd2 Bg7 9. Nc4 0-0 10. Bd3 d6 11. 0-0 a5 12. Nfd2 Ba6 13. Qf3 Bxc4 14. Nxc4 Nd7 15. Qg3 Ne5 16. f4 Nxc4 17. Bxc4 Re8 18. Rae1 Qc7 19. b3 Rad8 20. Qf3 Qc8 21. Bd3 Re7 22. Re2 Rde8 23. Rfe1 Qb8 24. g3 Qa7 25. Kg2 Qb8 26. h4 Qc8 27. Bb5 Rd8 28. Bd3 Rde8 29. Bb5 Rd8 30. Bc6 Qc7 31. Bb5 Qc8 1/2-1/2

[Event "Chianciano tt"]
[Site "Chianciano Terme"]
[Date "1989.??.??"]
[Round "?"]
[White "Farago, Ivan"]
[Black "Vallifuoco, Giacomo"]
[Result "1/2-1/2"]
[WhiteElo "2495"]
[BlackElo "2345"]
[PlyCount "85"]
[EventDate "1989.??.??"]
[EventType "swiss"]
[EventRounds "9"]
[EventCountry "ITA"]
[SourceTitle "EXT 1997"]
[Source "ChessBase"]
[SourceDate "1996.11.15"]
[SourceVersion "1"]
[SourceVersionDate "1996.11.15"]
[SourceQuality "1"]

1. d4 d5 2. c4 e6 3. Nc3 Nf6 4. Nf3 Be7 5. Bg5 0-0 6. e3 Nbd7 7. Rc1 dxc4 8. Bxc4 a6 9. a4 c5 10. 0-0 cxd4 11. Nxd4 Ne5 12. Be2 Bd7 13. Qb3 Qa5 14. f4 Nc6 15. Qxb7 Nxd4 16. exd4 Rfb8 17. Qf3 Qb6 18. Qe3 h6 19. Bh4 Ng4 20. Bxg4 Bxh4 21. Rc2 Bc6 22. Rd2 Rd8 23. Bf3 Bxf3 24. Rxf3 Bf6 25. Ne2 Qb4 26. b3 Rac8 27. Rf1 Rd5 28. h3 Rcd8 29. Rfd1 h5 30. Rd3 a5 31. Kh2 h4 32. Qe4 g6 33. Qe3 Kg7 34. Qd2 Qb6 35. Kh1 Kg8 36. Qe3 Qb4 37. Qe4 Qb6 38. Rc1 Bxd4 39. Rcd1 Bf2 40. Rxd5 exd5 41. Rxd5 Rxd5 42. Qxd5 Qb4 43. Qd1 1/2-1/2

[Event "Chianciano tt"]
[Site "Chianciano Terme"]
[Date "1989.??.??"]
[Round "?"]
[White "Palatnik, Semon"]
[Black "Vallifuoco, Giacomo"]
[Result "1-0"]
[WhiteElo "2470"]
[BlackElo "2345"]
[PlyCount "55"]
[EventDate "1989.??.??"]
[EventType "swiss"]
[EventRounds "9"]
[EventCountry "ITA"]
[SourceTitle "EXT 1997"]
[Source "ChessBase"]
[SourceDate "1996.11.15"]
[SourceVersion "1"]
[SourceVersionDate "1996.11.15"]
[SourceQuality "1"]

1. c4 c6 2. d4 d5 3. Nf3 Nf6 4. Qc2 g6 5. Bf4 Bf5 6. Qb3 Qb6 7. e3 Bg7 8. Nc3 0-0 9. h3 Nbd7 10. c5 Qxb3 11. axb3 Ne4 12. b4 Nxc3 13. bxc3 Be4 14. Nd2 e5 15. Bh2 exd4 16. cxd4 b6 17. Nxe4 dxe4 18. Bd6 bxc5 19. bxc5 Rfb8 20. Ba6 Rb4 21. 0-0 Bf8 22. Bg3 Nb8 23. Bc8 a5 24. Rfb1 Na6 25. Bb7 Ra7 26. Bxc6 Rxb1+ 27. Rxb1 Nb4 28. Bxe4 1-0

[Event "ITA-ch 49th"]
[Site "Chianciano Terme"]
[Date "1989.??.??"]
[Round "10"]
[White "Vallifuoco, Giacomo"]
[Black "Arlandi, Ennio"]
[Result "1-0"]
[WhiteElo "2345"]
[BlackElo "2390"]
[PlyCount "47"]
[EventDate "1989.??.??"]
[EventType "tourn"]
[EventRounds "13"]
[EventCountry "ITA"]
[EventCategory "4"]
[SourceTitle "EXT 2000"]
[Source "ChessBase"]
[SourceDate "1999.11.16"]
[SourceVersion "1"]
[SourceVersionDate "1999.11.16"]
[SourceQuality "1"]

1. d4 d5 2. Nf3 Nf6 3. c4 dxc4 4. e3 e6 5. Bxc4 c5 6. 0-0 a6 7. Bd3 Nc6 8. Nc3 cxd4 9. exd4 Nb4 10. Bb1 Be7 11. Re1 0-0 12. Ne5 Bd7 13. Re3 Rc8 14. Rh3 g6 15. Bh6 Re8 16. Rg3 Bc6 17. h4 Bd6 18. Qe2 Bf8 19. Bg5 Bg7 20. h5 Qxd4 21. hxg6 hxg6 22. Bxg6 fxg6 23. Rd1 Qc5 24. Bxf6 1-0

[Event "ITA-ch 49th"]
[Site "Chianciano Terme"]
[Date "1989.??.??"]
[Round "8"]
[White "Vallifuoco, Giacomo"]
[Black "Godena, Michele"]
[Result "1-0"]
[WhiteElo "2345"]
[BlackElo "2425"]
[PlyCount "80"]
[EventDate "1989.??.??"]
[EventType "tourn"]
[EventRounds "13"]
[EventCountry "ITA"]
[EventCategory "4"]
[SourceTitle "EXT 2000"]
[Source "ChessBase"]
[SourceDate "1999.11.16"]
[SourceVersion "1"]
[SourceVersionDate "1999.11.16"]
[SourceQuality "1"]

1. d4 Nc6 2. c4 e5 3. d5 Nce7 4. Nc3 Ng6 5. g3 Nf6 6. Bg2 Bb4 7. Qc2 Qe7 8. Nf3 c5 9. Bd2 d6 10. a3 Bxc3 11. Bxc3 0-0 12. Nd2 b6 13. 0-0 h5 14. e4 h4 15. Qd3 Nh5 16. Qe3 Nf6 17. Rae1 Ng4 18. Qd3 Qg5 19. Nf3 Qh5 20. Nxh4 Nxh4 21. gxh4 Qxh4 22. Qg3 Qxg3 23. hxg3 Nh6 24. f4 f6 25. Bf3 Bd7 26. Kg2 g6 27. Rh1 Kg7 28. fxe5 fxe5 29. Bd2 Nf7 30. Rh4 Rh8 31. Reh1 Rxh4 32. gxh4 Ba4 33. Kg3 Bb3 34. Rc1 a5 35. Rc3 a4 36. Be2 Nd8 37. Rc1 Nb7 38. Bg5 Rf8 39. Bd3 Rf7 40. Be2 Kg8 1-0

[Event "ITA-ch 49th"]
[Site "Chianciano Terme"]
[Date "1989.??.??"]
[Round "11"]
[White "Vancini, Edoardo"]
[Black "Vallifuoco, Giacomo"]
[Result "1/2-1/2"]
[WhiteElo "2245"]
[BlackElo "2345"]
[PlyCount "46"]
[EventDate "1989.??.??"]
[EventType "tourn"]
[EventRounds "13"]
[EventCountry "ITA"]
[EventCategory "4"]
[SourceTitle "EXT 2000"]
[Source "ChessBase"]
[SourceDate "1999.11.16"]
[SourceVersion "1"]
[SourceVersionDate "1999.11.16"]
[SourceQuality "1"]

1. e4 c5 2. c3 Nf6 3. e5 Nd5 4. d4 cxd4 5. Nf3 e6 6. cxd4 d6 7. a3 Bd7 8. Bd3 Bc6 9. 0-0 Nd7 10. b4 a6 11. Re1 Be7 12. Bb2 N7b6 13. Nbd2 Na4 14. Qb3 0-0 15. Be4 Nxb2 16. Qxb2 Rc8 17. Nb3 b6 18. Qd2 Bb7 19. Rac1 Qd7 20. Bb1 g6 21. Qh6 Rxc1 22. Rxc1 Rc8 23. h4 Nc3 1/2-1/2

[Event "ITA-ch 48th"]
[Site "Chianciano Terme"]
[Date "1988.??.??"]
[Round "10"]
[White "Bellia, Fabrizio"]
[Black "Vallifuoco, Giacomo"]
[Result "1/2-1/2"]
[WhiteElo "2265"]
[BlackElo "2350"]
[PlyCount "64"]
[EventDate "1988.??.??"]
[EventType "tourn"]
[EventRounds "11"]
[EventCountry "ITA"]
[EventCategory "4"]
[SourceTitle "EXT 2000"]
[Source "ChessBase"]
[SourceDate "1999.11.16"]
[SourceVersion "1"]
[SourceVersionDate "1999.11.16"]
[SourceQuality "1"]

1. e4 c5 2. Nf3 d6 3. d4 cxd4 4. Nxd4 Nf6 5. Nc3 Nc6 6. Be2 e5 7. Nf3 h6 8. 0-0 Be7 9. Re1 0-0 10. h3 Re8 11. Bf1 Bf8 12. Nd5 Nxd5 13. exd5 Nb8 14. a4 Nd7 15. a5 f5 16. Bb5 a6 17. Ba4 g5 18. b4 Bg7 19. Ra3 Re7 20. c4 e4 21. Nxg5 hxg5 22. Bxg5 Nf6 23. Rg3 Rf7 24. c5 Bd7 25. Bb3 Qe7 26. Bf4 Ne8 27. Qh5 Rd8 28. Ree3 Nf6 29. Qg6 Bc8 30. Rc3 Ne8 31. cxd6 Qd7 32. Be5 f4 1/2-1/2

[Event "ITA-ch 48th"]
[Site "Chianciano Terme"]
[Date "1988.??.??"]
[Round "4"]
[White "Belotti, Bruno"]
[Black "Vallifuoco, Giacomo"]
[Result "0-1"]
[WhiteElo "2340"]
[BlackElo "2350"]
[PlyCount "72"]
[EventDate "1988.??.??"]
[EventType "tourn"]
[EventRounds "11"]
[EventCountry "ITA"]
[EventCategory "4"]
[SourceTitle "EXT 2000"]
[Source "ChessBase"]
[SourceDate "1999.11.16"]
[SourceVersion "1"]
[SourceVersionDate "1999.11.16"]
[SourceQuality "1"]

1. e4 c5 2. Nf3 e6 3. d4 cxd4 4. Nxd4 Nf6 5. Nc3 d6 6. g4 Be7 7. g5 Nfd7 8. Rg1 Nc6 9. Be3 0-0 10. Qd2 Nb6 11. 0-0-0 d5 12. exd5 exd5 13. h4 Ne5 14. Rg3 Re8 15. Nb3 Be6 16. Bxb6 axb6 17. Nxd5 Rxa2 18. Qf4 Ng6 19. Qe4 Bxd5 20. Rxd5 Qa8 21. Qc4 Ra1+ 22. Kd2 Ra4 23. Qc7 Rxh4 24. Bb5 Rd8 25. Rgd3 Rxd5 26. Rxd5 Rg4 27. Qxb6 Bxg5+ 28. Kc3 Bf6+ 29. Kd2 h5 30. Bd7 Rg5 31. Rc5 Qa2 32. Qxb7 Qxb2 33. Bf5 Nf8 34. f4 Rg3 35. Rc7 Bc3+ 36. Ke2 Qb1 0-1

[Event "ITA-ch 48th"]
[Site "Chianciano Terme"]
[Date "1988.??.??"]
[Round "2"]
[White "Braga, Fernando Alberto"]
[Black "Vallifuoco, Giacomo"]
[Result "1/2-1/2"]
[WhiteElo "2425"]
[BlackElo "2350"]
[PlyCount "29"]
[EventDate "1988.??.??"]
[EventType "tourn"]
[EventRounds "11"]
[EventCountry "ITA"]
[EventCategory "4"]
[SourceTitle "EXT 2000"]
[Source "ChessBase"]
[SourceDate "1999.11.16"]
[SourceVersion "1"]
[SourceVersionDate "1999.11.16"]
[SourceQuality "1"]

1. e4 c5 2. Nf3 e6 3. d4 cxd4 4. Nxd4 Nf6 5. Nc3 d6 6. Be2 a6 7. 0-0 Be7 8. a4 Nc6 9. Be3 0-0 10. f4 Qc7 11. Kh1 Re8 12. Bg1 Nxd4 13. Qxd4 e5 14. Qd3 exf4 15. a5 1/2-1/2

[Event "ITA-ch 48th"]
[Site "Chianciano Terme"]
[Date "1988.??.??"]
[Round "6"]
[White "Godena, Michele"]
[Black "Vallifuoco, Giacomo"]
[Result "1/2-1/2"]
[WhiteElo "2430"]
[BlackElo "2350"]
[PlyCount "94"]
[EventDate "1988.??.??"]
[EventType "tourn"]
[EventRounds "11"]
[EventCountry "ITA"]
[EventCategory "4"]
[SourceTitle "EXT 2000"]
[Source "ChessBase"]
[SourceDate "1999.11.16"]
[SourceVersion "1"]
[SourceVersionDate "1999.11.16"]
[SourceQuality "1"]

1. e4 c5 2. c3 d5 3. exd5 Qxd5 4. d4 Nf6 5. Nf3 Nc6 6. Be2 e6 7. Na3 Be7 8. Nb5 Qd7 9. dxc5 Bxc5 10. Qxd7+ Kxd7 11. Bf4 Nd5 12. 0-0-0 Ke7 13. Bg3 a6 14. Nbd4 Rd8 15. Nxc6+ bxc6 16. c4 Nf6 17. Rxd8 Kxd8 18. Rd1+ Ke8 19. Ne5 Nd7 20. Bf3 Nxe5 21. Bxe5 Bd7 22. Bxg7 Bxf2 23. Bf6 h6 24. Bh5 Ra7 25. Rd3 c5 26. Rf3 Bg1 27. Bxf7+ Kf8 28. Bg6 Bc6 29. Rh3 Rd7 30. Kc2 Bd4 31. Bxd4 cxd4 32. Rg3 Rg7 33. Kd3 e5 34. Be4 Bxe4+ 35. Kxe4 Rxg3 36. hxg3 a5 37. b3 Ke7 38. a3 Kd6 39. b4 axb4 40. axb4 Kc6 41. g4 Kb6 42. c5+ Kc6 43. g3 Kb5 44. Kd3 Kc6 45. Kc4 Kc7 46. b5 Kd7 47. b6 Kc6 1/2-1/2

[Event "ITA-ch 48th"]
[Site "Chianciano Terme"]
[Date "1988.??.??"]
[Round "9"]
[White "Vallifuoco, Giacomo"]
[Black "Vezzosi, Paolo"]
[Result "1/2-1/2"]
[WhiteElo "2350"]
[BlackElo "2270"]
[PlyCount "23"]
[EventDate "1988.??.??"]
[EventType "tourn"]
[EventRounds "11"]
[EventCountry "ITA"]
[EventCategory "4"]
[SourceTitle "EXT 2000"]
[Source "ChessBase"]
[SourceDate "1999.11.16"]
[SourceVersion "1"]
[SourceVersionDate "1999.11.16"]
[SourceQuality "1"]

1. d4 Nf6 2. Nf3 e6 3. c4 d5 4. Nc3 Bb4 5. cxd5 exd5 6. Bg5 h6 7. Bxf6 Qxf6 8. Qa4+ Nc6 9. e3 0-0 10. Be2 Be6 11. 0-0 a6 12. Rfd1 1/2-1/2

[Event "ITA-ch 47th"]
[Site "Italy"]
[Date "1987.??.??"]
[Round "?"]
[White "Vallifuoco, Giacomo"]
[Black "Tatai, Stefano"]
[Result "1/2-1/2"]
[WhiteElo "2380"]
[BlackElo "2425"]
[PlyCount "20"]
[EventDate "1987.??.??"]
[EventType "tourn"]
[EventRounds "13"]
[EventCountry "ITA"]
[EventCategory "3"]
[SourceTitle "EXT 2002"]
[Source "ChessBase"]
[SourceDate "2001.11.25"]
[SourceVersion "1"]
[SourceVersionDate "2001.11.25"]
[SourceQuality "1"]

1. d4 Nf6 2. Nf3 d5 3. c4 c6 4. Nc3 e6 5. cxd5 exd5 6. Bg5 Nbd7 7. e3 Be7 8. Bd3 0-0 9. Qc2 Re8 10. 0-0 Ne4 1/2-1/2